000 00527nam a22002057a 4500
003 UA-OsUOA
001 38322
007 ta
008 20071127b un ||||| |||| 00| 0 ukr d
090 _a94(477).152К
942 _cBR
040 _aUA-OsUOA
_bukr
_cUA-OsUOA
_dUA-OsUOA
245 _a75-річчя українців Канади
955 _a4
041 _aukr
080 _a94(477).152К
260 _aВінніпег
_c1967
650 7 _a9 Географія. Біографії. Історія
_2UDC
999 _c436842
_d436842